| 000 | 00530nam a2200193Ia 4500 | ||
|---|---|---|---|
| 005 | 20250801103706.0 | ||
| 008 | 008 250516s9999 xx 000 0 hin d | ||
| 020 | _a9789357751612 | ||
| 040 |
_beng _cSDCL |
||
| 041 |
_ahin _2hin |
||
| 084 | _aO152,3N48 R4 | ||
| 100 |
_aSharma, Nasera _9393750 |
||
| 245 | 0 | _aKuchh Rang The Khwabon Ke | |
| 246 | _aकुछ रंग थे ख्वाबों के | ||
| 260 |
_aNew Delhi: _bVani Prakashan, _c2024. |
||
| 300 | _a160p | ||
| 650 | _aHindi | ||
| 942 |
_cTEXL _2CC |
||
| 999 |
_c1430474 _d1430474 |
||